VI Congreso Argentino de Farmacia y Bioquimica Industrial (Registro nro. 1793)
[ vista simple ]
| 000 -LEADER | |
|---|---|
| fixed length control field | 00798nam a2200217 a 4500 |
| 003 - CONTROL NUMBER IDENTIFIER | |
| control field | OSt |
| 005 - FECHA ULTIMA MODIFICACION | |
| control field | 20131010190842.0 |
| 008 - FIXED-LENGTH DATA ELEMENTS--GENERAL INFORMATION | |
| fixed length control field | 131010s1993 ag ||||| |||| 10| 0 spa d |
| 040 ## - CATALOGING SOURCE | |
| Transcribing agency | Biblioteca Medicina |
| 041 ## - LANGUAGE CODE | |
| Language code of text/sound track or separate title | spa |
| 082 ## - DEWEY DECIMAL CLASSIFICATION NUMBER | |
| Item number | CONGRESOS 020 |
| 111 2# - MAIN ENTRY--MEETING NAME | |
| Meeting name or jurisdiction name as entry element | Asociacion Argentina de Farmacia y Bioquimica Industrial |
| 9 (RLIN) | 2701 |
| 245 00 - TITLE STATEMENT | |
| Title | VI Congreso Argentino de Farmacia y Bioquimica Industrial |
| 260 ## - PUBLICATION, DISTRIBUTION, ETC. (IMPRINT) | |
| Place of publication, distribution, etc | Buenos Aires |
| Name of publisher, distributor, etc | Asociacion Argentina de Farmacia y Bioquimica Industrial |
| Date of publication, distribution, etc | 1993 |
| 300 ## - PHYSICAL DESCRIPTION | |
| Extent | 52 p. |
| 518 ## - DATE/TIME AND PLACE OF AN EVENT NOTE | |
| Date/time and place of an event note | Buenos Aires, Argentina. 30 de mayo al 5 de junio de 1993 |
| 653 ## - INDEX TERM--UNCONTROLLED | |
| Uncontrolled term | FARMACEUTICA-CONGRESO-1993 |
| 653 ## - INDEX TERM--UNCONTROLLED | |
| Uncontrolled term | BIOQUIMICA-CONGRESO-1993 |
| 942 ## - ADDED ENTRY ELEMENTS (KOHA) | |
| Source of classification or shelving scheme | Dewey Decimal Classification |
| Koha item type | Hemeroteca |
| Withdrawn status | Lost status | Fuente de clasificación | Damaged status | Not for loan | Colección | Ubicación permanente | Ubicación actual | Sala de ubicación | Fecha de adquisición | Total Checkouts | Número de clasificación | Date last seen | Número de ejemplar | Price effective from | Koha tipo de elemento (item) |
|---|---|---|---|---|---|---|---|---|---|---|---|---|---|---|---|
| Dewey Decimal Classification | Non-fiction | Biblioteca Medicina | Biblioteca Medicina | Circulación | 10/10/2013 | CONGRESOS 020 | 06/11/2014 | Ej. 1 | 10/10/2013 | Hemeroteca |